Marcatori della Lazio in UEFA Champions League 2020-2021 - Statistics

Statistiche generali
  • Questo quiz è stato fatto 14 volte
  • Il punteggio medio è 11 su 12
Statistiche sulle risposte
Partita Minuto Marcatore % Corretto
Lazio - Borussia Dortmund 3-1 6' Ciro Immobile
100%
Lazio - Zenit San Pietroburgo 3-1 3' Ciro Immobile
100%
Lazio - Zenit San Pietroburgo 3-1 55' Ciro Immobile
100%
Borussia Dortmund - Lazio 1-1 67' Ciro Immobile
100%
Lazio - Club Bruges 2-2 27' Ciro Immobile
100%
Lazio - Zenit San Pietroburgo 3-1 22' Marco Parolo
91%
Bayern Monaco - Lazio 2-1 82' Marco Parolo
91%
Zenit San Pietroburgo - Lazio 1-1 82' Felipe Caicedo
82%
Lazio - Borussia Dortmund 3-1 76' Jean-Daniel Akpa-Akpro
82%
Club Bruges - Lazio 1-1 14' Joaquín Correa
82%
Lazio - Club Bruges 2-2 12' Joaquín Correa
82%
Lazio - Bayern Monaco 1-4 49' Joaquín Correa
82%
Nessun quiz corrispondente trovato
Distribuzione punteggi
Percentuale di utenti per punteggio
Percentile per numero di risposta
I tuoi punteggi nel tempo
Non hai fatto questo quiz